<?xml version="1.0" encoding="UTF-8"?>
<record
    xmlns:xsi="http://www.w3.org/2001/XMLSchema-instance"
    xsi:schemaLocation="http://www.loc.gov/MARC21/slim http://www.loc.gov/standards/marcxml/schema/MARC21slim.xsd"
    xmlns="http://www.loc.gov/MARC21/slim">

  <leader>01088cam a2200217Ia 4500</leader>
  <datafield tag="020" ind1=" " ind2=" ">
    <subfield code="a">9789250069524</subfield>
  </datafield>
  <datafield tag="020" ind1=" " ind2=" ">
    <subfield code="a">9250069529</subfield>
  </datafield>
  <datafield tag="040" ind1=" " ind2=" ">
    <subfield code="c">BTCTA</subfield>
  </datafield>
  <datafield tag="082" ind1=" " ind2=" ">
    <subfield code="a">338 FOO 2011 A068 Co.</subfield>
  </datafield>
  <datafield tag="245" ind1="0" ind2="0">
    <subfield code="a">International guidelines on bycatch management and reduction of discards =</subfield>
    <subfield code="b">Directives internationales sur la gestion des prises accessoires et la r&#xFFFD;eduction des rejets en mer = Directrices internacionales para la ordenaci&#xFFFD;on de las capturas incidentales y la reducci&#xFFFD;on de los descartes.</subfield>
  </datafield>
  <datafield tag="246" ind1="3" ind2="1">
    <subfield code="a">Directives internationales sur la gestion des prises accessoires et la r&#xFFFD;eduction des rejets en mer</subfield>
  </datafield>
  <datafield tag="246" ind1="3" ind2="1">
    <subfield code="a">Directrices internacionales para la ordenaci&#xFFFD;on de las capturas incidentales y la reducci&#xFFFD;on de los descartes</subfield>
  </datafield>
  <datafield tag="260" ind1=" " ind2=" ">
    <subfield code="a">Rome :</subfield>
    <subfield code="b">Food and Agriculture Organization of the United Nations,</subfield>
    <subfield code="c">2011.</subfield>
  </datafield>
  <datafield tag="300" ind1=" " ind2=" ">
    <subfield code="a">x, 73 p. ;</subfield>
    <subfield code="c">21 cm.</subfield>
  </datafield>
  <datafield tag="650" ind1=" " ind2="0">
    <subfield code="a">Bycatches (Fisheries)</subfield>
  </datafield>
  <datafield tag="650" ind1=" " ind2="0">
    <subfield code="a">Bycatches (Fisheries)</subfield>
  </datafield>
  <datafield tag="650" ind1=" " ind2="0">
    <subfield code="a">Fishery discards</subfield>
  </datafield>
  <datafield tag="650" ind1=" " ind2="0">
    <subfield code="a">Fishery discards</subfield>
  </datafield>
  <datafield tag="710" ind1="2" ind2=" ">
    <subfield code="a">Food and Agriculture Organization of the United Nations.</subfield>
  </datafield>
  <datafield tag="942" ind1=" " ind2=" ">
    <subfield code="c">EK</subfield>
  </datafield>
  <datafield tag="999" ind1=" " ind2=" ">
    <subfield code="c">14994</subfield>
    <subfield code="d">14994</subfield>
  </datafield>
  <datafield tag="952" ind1=" " ind2=" ">
    <subfield code="0">0</subfield>
    <subfield code="1">0</subfield>
    <subfield code="4">0</subfield>
    <subfield code="6">338_000000000000000_FOO_2011_A068_CO</subfield>
    <subfield code="7">0</subfield>
    <subfield code="9">67726</subfield>
    <subfield code="a">LBA</subfield>
    <subfield code="b">LBA</subfield>
    <subfield code="c">A068</subfield>
    <subfield code="d">2017-11-01</subfield>
    <subfield code="o">338 FOO 2011 A068 Co.</subfield>
    <subfield code="p">RUA060054</subfield>
    <subfield code="r">2017-11-01</subfield>
    <subfield code="w">2017-11-01</subfield>
    <subfield code="y">EK</subfield>
  </datafield>
</record>
